Fiche technique des films Harry Potter - FR - Statistiques

Statistiques générales
  • Ce quiz a été pris 83 fois
  • Le résultat moyen est 24 sur 58
Statistiques - réponses
Hint Réponse % Correct
film #1 Harry Potter à l'école des sorciers
95%
Auteure J. K. Rowling
95%
film #4 Harry Potter et la Coupe de feu
93%
film #3 Harry Potter et le Prisonnier d'Azkaban
91%
film #2 Harry Potter et la Chambre des secrets
89%
film #6 Harry Potter et le Prince de sang-mêlé
88%
film #7 Harry Potter et les reliques de la mort - Partie 1
88%
film #8 Harry Potter et les reliques de la mort - Partie 2
88%
film #5 Harry Potter et l'Ordre du Phénix
86%
Hermione Granger Emma Watson
77%
Harry Potter Daniel Radcliffe
71%
Ronald Weasley Rupert Grint
71%
Cédric Diggory Robert Pattinson
63%
Drago Malefoy Tom Felton
63%
Severus Rogue Alan Rickman
54%
Bellatrix Lestrange Helena Bonham Carter
52%
Minerva McGonagall Maggie Smith
52%
Sirius Black Gary Oldman
50%
Lord Voldemort Ralph Fiennes
48%
Albus Dumbledore (films 1 et 2) Richard Harris
46%
Sibylle Trelawney Emma Thompson
45%
Ginny Weasley Bonnie Wright
43%
Fred Weasley James Phelps
43%
George Weasley Oliver Phelps
43%
Luna Lovegood Evanna Lynch
41%
Albus Dumbledore (films 3 à 8) Michael Gambon
41%
réalisateur #1 Chris Columbus
39%
compositeur #1 John Williams
39%
Fleur Delacour Clémence Poésy
38%
Neville Londubat Matthew Lewis
38%
Rubeus Hagrid Robbie Coltrane
38%
réalisateur #2 Alfonso Cuaron
34%
réalisateur #4 David Yates
34%
Lucius Malefoy Jason Isaacs
29%
Molly Weasley Julie Walters
29%
Remus Lupin David Thewlis
27%
Narcissa Malefoy Helen McCrory
27%
Gilderoy Lockhart Kenneth Branagh
25%
réalisateur #3 Mike Newell
25%
Nymphadora Tonks Natalia Tena
25%
Alastor Maugrey Brendan Gleeson
23%
Dolores Ombrage Imelda Staunton
23%
compositeur #4 Alexandre Desplat
21%
Peter Pettigrow Timothy Spall
21%
Filius Flitwick Warwick Davis
21%
Seamus Finnigan Devon Murray
20%
Garrick Ollivander John Hurt
20%
Bartemius Croupton Junior David Tennant
18%
Dudley Dursley Harry Melling
18%
Rufus Scrimgeour Bill Nighy
14%
Argus Rusard David Bradley
14%
Dean Thomas Alfred Enoch
13%
Pétunia Dursley Fiona Shaw
13%
Horace Slughorn Jim Broadbent
13%
Vernon Dursley Richard Griffith
13%
compositeur #3 Nicholas Hooper
9%
compositeur #2 Patrick Doyle
9%
compositeur #5 James Newton Howard
5%
Aucun quiz correspondant
Distribution des résultats
% des personnes avec chaque résultat
Percentile par nombre de réponses
Votre historique - résultats
Vous n’avez pas pris ce quiz